| 000 | 00552nam a22001577a 4500 | ||
|---|---|---|---|
| 082 |
_a891.4391 _bZAK |
||
| 100 | _a Zikriya, Khawaja Muhammad | ||
| 245 |
_aKulliyat-e-Hafeez Jalandhari / _cKhawaja Muhammad Zikriya |
||
| 260 |
_aLahore: _bAlhammad Publications, _c2005. |
||
| 300 | _a842p. ; | ||
| 563 | _aHB | ||
| 650 |
_aUrdu poetry — Collected works _9129690 |
||
| 880 |
_6100-01\(3\r _aخواجہ محمد زکریا |
||
| 880 |
_6245-02\(3\r _aکلیاتِ حفیظ جالندھری \ خواجہ محمد زکریا |
||
| 942 |
_2ddc _cBK |
||
| 999 |
_c614266 _d614266 |
||